| 000 | 00982cam a2200301 a 4500 | ||
|---|---|---|---|
| 001 | 13981279 | ||
| 005 | 20170105102936.0 | ||
| 008 | 050525s2005 ii b b 000 0 eng | ||
| 010 | _a 2005320954 | ||
| 020 | _a8170492238 | ||
| 025 | _aI-E-2005-320954; 63-09 | ||
| 037 |
_bLibrary of Congress -- New Delhi Overseas Office _cRs895.00 |
||
| 040 |
_aDLC _cDLC |
||
| 042 | _alcode | ||
| 043 | _aa-pk--- | ||
| 050 | 0 | 0 |
_aDS383.5.A2 _bZ57 2005 |
| 082 |
_a954.91 _bZIR 2004 |
||
| 100 | 1 |
_aZiring, Lawrence, _d1928- |
|
| 245 | 1 | 0 |
_aPakistan at the crosscurrent of history / _cLawrence Ziring. |
| 260 |
_aNew Delhi : _bManas Publications, _c2004. |
||
| 300 |
_axvi, 383 p. : _bmaps ; _c23 cm. |
||
| 500 | _a"Published in arrangement with Oneworld Publications." | ||
| 504 | _aIncludes bibliographical references. | ||
| 651 | 0 |
_aPakistan _xPolitics and government. |
|
| 906 |
_a7 _bcbc _corigode _d3 _encip _f20 _gy-gencatlg |
||
| 942 |
_2ddc _cBK |
||
| 999 |
_c16273 _d16273 |
||